00984nam a2200217 a 450000100100000000500170001000800410002704000250006808200150009310000310010824500770013925000100021626000720022630000170029849000430031550002010035850400730055970000370063271000540066983000430072300004111720201002034631.0130918s1993 sp r 001 0 spa d aDO-SdBNPbspacBNPHU axxxxbxxxx1 aLohmann Villena, Guillermo10aLos americanos en las órdenes nobiliarias /cGuillermo Lohman Villena. a2a ed aMadrid :bConsejo Superior de Investigaciones Científicas,c1993. av. ;c25 cm.1 aBiblioteca de historia de Américav7 alos dos volúmenes de esta obra son reimpresión de la original publicada en 1947, y recogen las genealogías de los caballeros americanos miembros de las cinco órdenes militares españolas. aIncluye referencias bibliográficas y notas al pie de las páginas1 aSolano, Francisco de,ePreambulo2 aConsejo Superior de Investigaciones Científicas 0aBiblioteca de historia de Américan7